Aḥkām al-mawārīth bayna al-fiqh wa-al-qānūn, (Record no. 50864)

MARC details
000 -LEADER
fixed length control field 00875cam a22002531 4500
001 - CONTROL NUMBER
control field ne 68003887
003 - CONTROL NUMBER IDENTIFIER
control field DLC
005 - DATE AND TIME OF LATEST TRANSACTION
control field 20260227111848.0
008 - FIXED-LENGTH DATA ELEMENTS--GENERAL INFORMATION
fixed length control field 860123s1967 ua b 000 0 arar
010 ## - LIBRARY OF CONGRESS CONTROL NUMBER
LC control number ne 68003887
020 ## - INTERNATIONAL STANDARD BOOK NUMBER
Terms of availability £E0.90
035 ## - SYSTEM CONTROL NUMBER
System control number (OCoLC)13053669
040 ## - CATALOGING SOURCE
Original cataloging agency DLC
Transcribing agency TxU
Modifying agency TxU
-- DLC
042 ## - AUTHENTICATION CODE
Authentication code premarc
050 00 - LIBRARY OF CONGRESS CALL NUMBER
Classification number LAW <Islam 7 Shal 1967>
100 1# - MAIN ENTRY--PERSONAL NAME
Personal name Shalabī, Muḥammad Muṣṭafā.
245 10 - TITLE STATEMENT
Title Aḥkām al-mawārīth bayna al-fiqh wa-al-qānūn,
Statement of responsibility, etc. taʼlīf Muḥammad Muṣṭafā Shalabī.
250 ## - EDITION STATEMENT
Edition statement [Ṭabʻah jadīdah]
260 ## - PUBLICATION, DISTRIBUTION, ETC.
Place of publication, distribution, etc. al-Iskandarīyah,
Name of publisher, distributor, etc. al-Maktab al-Miṣrī al-Ḥadīth lil-Ṭibāʻah wa-al-Nashr,
Date of publication, distribution, etc. 1967.
300 ## - PHYSICAL DESCRIPTION
Extent 443 p.
Dimensions 24 cm.
504 ## - BIBLIOGRAPHY, ETC. NOTE
Bibliography, etc. note Bibliographical footnotes.
500 ## - GENERAL NOTE
General note New ed. of the author's Ahkām al-mawārīth fī al-Islām.
650 #0 - SUBJECT ADDED ENTRY--TOPICAL TERM
Topical term or geographic name entry element Inheritance and succession (Islamic law)

No items available.

Powered by Koha